000 00826nam a2200265Ia 4500
003 OSt
005 20220912150925.0
006 a|||||r|||| 00| 0
007 ta
008 220909b |||||||| |||| 00| 0 eng d
024 _a27201
037 _cTextual
040 _aCSL
_beng
_cCSL
041 _aeng
082 _aC5:68p1,N78, L9
100 _aMason Stephen F Ed.
111 _aNATO advanced study institute on optical activity and ahiral discrimination (1978 : England)
245 0 _aOptical activity and chiral discrimination
260 _aDordrecht
_bD Reidel
_c1979
300 _axi, 372p.
_ccm.
490 _aNato advanced study institutes series; 48
650 _aOptical rotatory dispersion
942 _hC5:68p1,N78, L9
_cTEXL
_2CC
999 _c57674
_d57674